00509nam a2200181Ia 4500001000900000003000500009005001700014008004100031010001100072040000900083082001300092100002600105245008300131260004100214300001100255400003200266650002900298dia_1772CHAP20230327095432.0220117s1978 xx 000 0 und d a172311 cCHAP a631.2 V3 aValle Arribas, José aConstrucciones Rurales, al Alcance del Agricultor /c por José Valle Arribas aBarcelona, España :b AEDOS,c1978 a275 p. aBIBLIOTECA AGRÍCOLA AEDOS a1.Construcciones rurales